LEADER 00820naa a2200217 u 4500 001 000000093357 003 CaOOAMICUS 005 20070226130133.0 008 010703m19361937fr u000 u fre u 035 $a10895221 040 $aPUL(R)$bita 100 1 $aAncel, Jacques,$d1882-1943.$0(OLS)http://pul/name/60085 245 14$aLes frontières :$bétude de géographie politique /$cpar Jacques Ancel. 260 $a[S. l. :$bs. n.],$c1935-1936. 300 $aP. [203-297] 504 $aBibliografia in nota. 650 4$aDiritto internazionale.$0(OLS)http://pul/subject/2505 773 0 $tRecueil des cours$gv.I (1936) 773 0 $tRecueil des cours 1936$w()59608 996 $6245$aLes frontières :$bétude de géographie politique$9(OLS)http://pul/title/120228 996 $6260$a[S. l. :$bs. n.]$9(OLS)http://pul/publisher/47882 LEADER 01118nam a2200277 a 4500 001 000000130527 003 CaOOAMICUS 005 20121001101931.0 008 121001s2006 it u000 u ita r 020 $a88-04-55710-9 040 $aPUL$bita 100 1 $aAmato, Giuliano.$0(OLS)http://pul/name/36726 245 13$aUn altro mondo è possibile? :$bParole per capire e per cambiare /$cGiuliano Amato con Lucia Pozzi. 260 $aMilano :$bArnoldo Mondadori,$c©2006. 300 $a206 p. ;$c23 cm. 490 1 $aFrecce 650 4$aSocietà$ySec. XXI.$0(OLS)http://pul/subject/34991 700 1 $aPozzi, Lucia.$0(OLS)http://pul/name/83657 830 0$aFrecce (Mondadori).$0(OLS)http://pul/title/39392 850 $aPUL 852 $aPUL$W1$xDP1 Fondo E. Rossi$y115$m1 A 28$j41506$qFondi$B149646$CPULBib$Z2$F149646 $82 941 1 $a1 996 $6020$a88-04-55710-9$9(OLS)http://pul/number/150623 996 $6245$aUn altro mondo è possibile? :$bParole per capire e per cambiare$9(OLS)http://pul/title/164970 996 $6260$aMilano :$bArnoldo Mondadori$9(OLS)http://pul/publisher/60431